000
00332nam a22001337a 4500
008
170321b xxu||||| |||| 00| 0 eng d
020
_a
0803697066
041
_a
eng
080
_a
616.12-008-073
100
_a
7
101
_a
SHM
245
_a
FROM CARDIAC CATHETERIZATION DATA TO HEMODYNAMIC PARAMETERS
_c
MARANHAO
942
_2
udc
_c
BK
999
_c
8206
_d
8206